| 000 | 00565nam a22002057a 4500 | ||
|---|---|---|---|
| 003 | OSt | ||
| 005 | 20140310181804.0 | ||
| 008 | 130704t xxu||||| |||| 00| 0 eng d | ||
| 020 | _a9781842394915 | ||
| 050 |
_aQ 121 _b.C536 2005 |
||
| 082 |
_aREF 591 _bC536 2005 |
||
| 245 | _aChildren's illustrated encyclopedia./ | ||
| 260 |
_aUnited Kingdom : _bAlligator books, _c2005. |
||
| 300 |
_a78 p. : _bill. col. ; _c31 cm. : |
||
| 520 | _a1. Science--Encyclopedia | ||
| 521 | _aBasic ed. students | ||
| 541 | _j1 | ||
| 562 | _e1 | ||
| 942 |
_2lcc _cBK-GR _kREF |
||
| 999 |
_c3730 _d3730 |
||